000 nam a22 7a 4500
999 _c7918
_d7918
008 171109b xxu||||| |||| 00| 0 eng d
100 _94382
_aNCERT
245 _aSCENCE-LABORATARY MANUAL-IX
260 _aNEW DELHI
_bNCERT
_c2017